[Event "FIDE World Blitz-ch Women 2018"]
[Site "St. Petersburg"]
[Date "2018.12.30"]
[Round "13.57"]
[White "Smirnova, Ekaterina"]
[Black "Molchanova, Tatjana"]
[Result "1/2-1/2"]
[WhiteElo "2192"]
[BlackElo "2245"]
[Annotator "NA"]
[PlyCount "144"]
[EventDate "2018.12.19"]
[EventType "swiss"]
[EventCountry "RUS"]
[SourceTitle "playchess.com"]
[Source "ChessBase"]
[SourceQuality "1"]

1. d4 Nf6 2. c4 e6 3. Nc3 Bb4 4. a3 Be7 5. e4 O-O 6. Be2 c5 7. d5 d6 8. Nf3 e5 9. O-O Ne8 10. b4 b6 11. bxc5 bxc5 12. Rb1 f5 13. Nd2 f4 14. Bg4 f3 15. Bxf3 Bg5 16. Bg4 Nf6 17. Bxc8 Qxc8 18. Nf3 Bxc1 19. Qxc1 Qg4 20. Qg5 Nbd7 21. Qxg4 Nxg4 22. Rb7 Nb6 23. Nd2 Rfb8 24. Rxb8+ Rxb8 25. Rb1 Rf8 26. f3 Ne3 27. Nb5 Nexc4 28. Nxc4 Nxc4 29. Rc1 a6 30. Nc7 Nxa3 31. Nxa6 Ra8 32. Nc7 Rb8 33. Ra1 Rb3 34. Kf2 Kf7 35. Ne6 c4 36. h3 c3 37. Rc1 c2 38. Ke2 Rc3 39. Kd2 Rc8 40. h4 g6 41. Ke2 h6 42. Kd2 Kf6 43. Ke2 g5 44. hxg5+ hxg5 45. Kd2 g4 46. fxg4 Rg8 47. g5+ Kg6 48. Ra1 Ra8 49. Rc1 Ra4 50. Kd3 Rc4 51. g4 Rc8 52. Kd2 Nb1+ 53. Kd3 Rc3+ 54. Ke2 Na3 55. Kd2 Rg3 56. Ra1 Rg2+ 57. Kc3 Nb1+ 58. Kb2 Nd2 59. Kxc2 Nxe4+ 60. Kd3 Nxg5 61. Nxg5 Kxg5 62. Ra6 Rg3+ 63. Ke2 Kxg4 64. Rxd6 Kf4 65. Rf6+ Ke4 66. d6 Rg2+ 67. Kf1 Rd2 68. Ke1 Rd5 69. Rh6 Kd3 70. Rh3+ Kd4 71. Rh6 e4 72. Ke2 Ke5 1/2-1/2

[Event "FIDE World Blitz-ch Women 2018"]
[Site "St. Petersburg"]
[Date "2018.12.30"]
[Round "13.58"]
[White "Doan, Thi Van Anh"]
[Black "Utiatskaja, Irina"]
[Result "1-0"]
[WhiteElo "1950"]
[BlackElo "2246"]
[Annotator "NA"]
[PlyCount "79"]
[EventDate "2018.12.19"]
[EventType "swiss"]
[EventCountry "RUS"]
[SourceTitle "playchess.com"]
[Source "ChessBase"]
[SourceQuality "1"]

1. d4 Nf6 2. Nf3 g6 3. Nc3 d5 4. Bf4 c6 5. e3 Bg7 6. h3 O-O 7. Bd3 Nbd7 8. O-O Re8 9. Bh2 Nh5 10. e4 dxe4 11. Nxe4 Nhf6 12. c3 Nxe4 13. Bxe4 Nf6 14. Bc2 Be6 15. Re1 Bd5 16. Be5 Rc8 17. Bb3 Bxb3 18. Qxb3 b6 19. Re2 e6 20. a4 Qd7 21. a5 b5 22. a6 Qd5 23. Qxd5 Nxd5 24. Rc1 Nb6 25. b3 f6 26. Bd6 Kf7 27. Bc5 Bf8 28. Bxb6 axb6 29. Ra1 Ra8 30. a7 Re7 31. Rea2 Rb7 32. Ra6 Bd6 33. Nd2 Bc7 34. Kf1 c5 35. dxc5 bxc5 36. Ne4 Rb6 37. Nxc5 Rxa6 38. Rxa6 Be5 39. Nd7 Bxc3 40. Nb6 1-0

[Event "FIDE World Blitz-ch Women 2018"]
[Site "St. Petersburg"]
[Date "2018.12.30"]
[Round "13.59"]
[White "Tomashevskaya, Lidia"]
[Black "Tevzadze, Mariam"]
[Result "1-0"]
[WhiteElo "2123"]
[BlackElo "1967"]
[Annotator "NA"]
[PlyCount "83"]
[EventDate "2018.12.19"]
[EventType "swiss"]
[EventCountry "RUS"]
[SourceTitle "playchess.com"]
[Source "ChessBase"]
[SourceQuality "1"]

1. e4 d6 2. d4 Nf6 3. Nc3 Nbd7 4. Be3 e5 5. f3 c6 6. Nge2 Qc7 7. Qd2 Be7 8. O-O-O b5 9. g4 a5 10. h4 a4 11. a3 Nb6 12. Ng3 g6 13. h5 Rg8 14. hxg6 hxg6 15. g5 Nfd7 16. f4 b4 17. Nb1 bxa3 18. Nxa3 exf4 19. Bxf4 Rb8 20. e5 dxe5 21. dxe5 Bxa3 22. bxa3 Qb7 23. Qd6 Nd5 24. e6 Qb2+ 25. Kd2 Qc3+ 26. Kc1 Qb2+ 27. Kd2 Qd4+ 28. Bd3 Qxf4+ 29. Qxf4 Nxf4 30. exf7+ Kxf7 31. Rdf1 Kg7 32. Rxf4 Ne5 33. Re1 Nd7 34. Re7+ Kh8 35. Rff7 Rd8 36. Rh7+ Kg8 37. Bc4+ Kf8 38. Ref7+ Kg8 39. Rhg7+ Kh8 40. Rh7+ Kg8 41. Rxd7+ Kf8 42. Rxd8# 1-0

[Event "FIDE World Blitz-ch Women 2018"]
[Site "St. Petersburg"]
[Date "2018.12.30"]
[Round "13.60"]
[White "Loskutova, Viktoriya"]
[Black "Bogumil, Tatiana"]
[Result "0-1"]
[WhiteElo "2105"]
[BlackElo "2114"]
[Annotator "NA"]
[PlyCount "114"]
[EventDate "2018.12.19"]
[EventType "swiss"]
[EventCountry "RUS"]
[SourceTitle "playchess.com"]
[Source "ChessBase"]
[SourceQuality "1"]

1. e4 g6 2. d4 Bg7 3. Nc3 d6 4. Be3 Nf6 5. f3 c6 6. Qd2 h6 7. h4 b5 8. O-O-O a5 9. Kb1 Nfd7 10. Nh3 Nb6 11. Bd3 Nc4 12. Bxc4 bxc4 13. Nf2 Nd7 14. g4 Ba6 15. f4 Rb8 16. f5 Qb6 17. Qc1 Qb4 18. Ka1 a4 19. a3 Qa5 20. fxg6 fxg6 21. Na2 c5 22. c3 cxd4 23. Bxd4 Nc5 24. Bxc5 Qxc5 25. Nh3 O-O 26. Rd5 Qc8 27. Re1 Bb7 28. Rd2 Qxg4 29. Ng1 Bxe4 30. Nb4 Qxh4 31. Rde2 d5 32. Nc6 Rb3 33. Nd4 Bxd4 34. cxd4 Qg3 35. Rd2 Rf2 36. Ne2 Qg5 37. Rdd1 Qxc1+ 38. Rxc1 Re3 39. Nc3 Rxe1 40. Rxe1 Kf7 41. Nxa4 h5 42. Nc5 h4 43. Nxe4 dxe4 44. Rxe4 h3 45. Rh4 h2 46. Ka2 g5 47. Rh3 g4 48. Rh7+ Kg6 49. Rh8 Kg5 50. a4 Rf6 51. Ka3 Rh6 52. Rg8+ Kf4 53. Rf8+ Kg3 54. Rf1 Kg2 55. Rc1 h1=Q 56. Rxh1 Kxh1 57. a5 g3 0-1

[Event "FIDE World Blitz-ch Women 2018"]
[Site "St. Petersburg"]
[Date "2018.12.30"]
[Round "13.61"]
[White "Belova, Olga"]
[Black "Kosteniuk, Oksana"]
[Result "1-0"]
[WhiteElo "2069"]
[BlackElo "2096"]
[Annotator "NA"]
[PlyCount "151"]
[EventDate "2018.12.19"]
[EventType "swiss"]
[EventCountry "RUS"]
[SourceTitle "playchess.com"]
[Source "ChessBase"]
[SourceQuality "1"]

1. d4 d5 2. Nc3 Nf6 3. Bg5 e6 4. e4 Be7 5. e5 Nfd7 6. Bxe7 Qxe7 7. f4 a6 8. Nf3 c5 9. Bd3 Nc6 10. dxc5 Nxc5 11. O-O b5 12. a3 Bb7 13. Qe2 O-O 14. Ng5 g6 15. Rae1 Nd4 16. Qg4 h5 17. Qg3 Nxd3 18. Qxd3 Qc5 19. Kh1 Nf5 20. Nf3 Rac8 21. Nd2 d4 22. Nde4 Qc4 23. Nf6+ Kg7 24. Nce4 Qxd3 25. cxd3 Bxe4 26. Nxe4 Rc2 27. Rf2 Rxf2 28. Nxf2 Rc8 29. b4 Rc3 30. Ra1 Ne3 31. Kg1 Nd5 32. g3 Ne3 33. h3 Nc2 34. Ra2 Nxa3 35. Kg2 Nc2 36. Rxa6 Nxb4 37. Rb6 Nxd3 38. Nxd3 Rxd3 39. Rxb5 Rd1 40. Kf2 d3 41. Ke3 f6 42. Rb7+ Kf8 43. Rd7 fxe5 44. fxe5 Re1+ 45. Kd2 Rxe5 46. Kxd3 Re1 47. Kd4 e5+ 48. Kd5 Ke8 49. Ke6 Kf8 50. Rf7+ Kg8 51. Re7 e4 52. Kf6 Rf1+ 53. Kxg6 Kf8 54. Rxe4 Rg1 55. g4 hxg4 56. hxg4 Rg3 57. Rf4+ Kg8 58. g5 Rg1 59. Rf6 Rg3 60. Rc6 Kf8 61. Rc5 Rg1 62. Rc8+ Ke7 63. Kh6 Rh1+ 64. Kg7 Rg1 65. g6 Kd7 66. Rf8 Ke6 67. Rf4 Rg5 68. Rf6+ Ke7 69. Ra6 Rg1 70. Kh8 Rh1+ 71. Kg8 Rg1 72. g7 Ke8 73. Kh7 Rh1+ 74. Rh6 Rg1 75. g8=Q+ Rxg8 76. Kxg8 1-0

[Event "FIDE World Blitz-ch Women 2018"]
[Site "St. Petersburg"]
[Date "2018.12.30"]
[Round "14.1"]
[White "Bodnaruk, Anastasia"]
[Black "Lagno, Kateryna"]
[Result "0-1"]
[WhiteElo "2420"]
[BlackElo "2560"]
[Annotator "ChessBase"]
[PlyCount "72"]
[EventDate "2018.12.19"]
[EventType "swiss"]
[EventCountry "RUS"]
[SourceTitle "playchess.com"]
[Source "ChessBase"]
[SourceQuality "1"]

1. e4 e5 2. Nf3 Nc6 3. Bb5 g6 4. d4 exd4 5. c3 a6 6. Bc4 Bg7 7. cxd4 b5 8. Bb3 Na5 9. Bc2 Ne7 10. d5 O-O 11. O-O d6 12. Nc3 c6 13. dxc6 Naxc6 14. h3 b4 15. Na4 d5 16. Bg5 h6 17. Bh4 g5 18. Bg3 dxe4 19. Bxe4 Bf5 20. Qc2 Bxe4 21. Qxe4 Qa5 22. Qc2 Rac8 23. Qb3 Nf5 24. Rad1 Ncd4 25. Nxd4 Nxd4 26. Rxd4 Bxd4 27. h4 Bg7 28. hxg5 hxg5 29. Bd6 Rfd8 30. Bxb4 Qb5 31. Nc3 Qc4 32. Qa3 Rd2 33. Be7 Rb8 34. Qa5 Rdxb2 35. Nd5 R2b5 36. Qc7 Qxd5 0-1

[Event "FIDE World Blitz-ch Women 2018"]
[Site "St. Petersburg"]
[Date "2018.12.30"]
[Round "14.2"]
[White "Ju, Wenjun"]
[Black "Lei, Tingjie"]
[Result "1/2-1/2"]
[WhiteElo "2575"]
[BlackElo "2453"]
[Annotator "TA"]
[PlyCount "77"]
[EventDate "2018.12.19"]
[EventType "swiss"]
[EventCountry "RUS"]
[SourceTitle "playchess.com"]
[Source "ChessBase"]
[SourceQuality "1"]

1. d4 Nf6 2. c4 e6 3. g3 d5 4. Nf3 Be7 5. Bg2 O-O 6. O-O dxc4 7. Qc2 a6 8. a4 Bd7 9. Qxc4 Bc6 10. Bg5 a5 11. Nc3 Na6 12. Bxf6 Bxf6 13. Rfd1 Nb4 14. Ne1 Bxg2 15. Kxg2 g6 16. Rac1 Bg7 17. e3 Ra6 18. Nd3 Rb6 19. Nc5 Nd5 20. Qe2 Nxc3 21. bxc3 Re8 22. Qf3 Qc8 23. Rb1 Rxb1 24. Rxb1 b6 25. Nd3 Qd7 26. Ra1 c5 27. h4 cxd4 28. cxd4 h5 29. Qe4 Rc8 30. Ne5 Bxe5 31. Qxe5 Qc6+ 32. Kg1 Qf3 33. Qf4 Qe2 34. Rb1 Rc6 35. Qe4 Qc2 36. Qxc2 Rxc2 37. Rxb6 Ra2 38. Ra6 Rxa4 39. Kg2 1/2-1/2

[Event "FIDE World Blitz-ch Women 2018"]
[Site "St. Petersburg"]
[Date "2018.12.30"]
[Round "14.3"]
[White "Garifullina, Leya"]
[Black "Ushenina, Anna"]
[Result "0-1"]
[WhiteElo "2132"]
[BlackElo "2440"]
[Annotator "NA"]
[PlyCount "48"]
[EventDate "2018.12.19"]
[EventType "swiss"]
[EventCountry "RUS"]
[SourceTitle "playchess.com"]
[Source "ChessBase"]
[SourceQuality "1"]

1. e4 c5 2. Nf3 Nc6 3. Bb5 g6 4. Bxc6 dxc6 5. d3 Bg7 6. h3 Nf6 7. Nc3 O-O 8. Be3 c4 9. dxc4 Qa5 10. O-O Be6 11. Nd2 Nd7 12. Rb1 Rfd8 13. b4 Qa6 14. Nd5 cxd5 15. cxd5 Bxd5 16. exd5 Nf6 17. c4 b5 18. cxb5 Qxb5 19. Bc5 Nxd5 20. Qb3 Nf4 21. Ne4 Rd3 22. Qc2 Rd7 23. a4 Qc6 24. Ng3 Qxg2# 0-1

[Event "FIDE World Blitz-ch Women 2018"]
[Site "St. Petersburg"]
[Date "2018.12.30"]
[Round "14.4"]
[White "Mamedjarova, Zeinab"]
[Black "Khademalsharieh, Sarasadat"]
[Result "0-1"]
[WhiteElo "2338"]
[BlackElo "2470"]
[Annotator "ChessBase"]
[PlyCount "130"]
[EventDate "2018.12.19"]
[EventType "swiss"]
[EventCountry "RUS"]
[SourceTitle "playchess.com"]
[Source "ChessBase"]
[SourceQuality "1"]

1. d4 Nf6 2. Nf3 d5 3. e3 c5 4. Bd3 Nc6 5. O-O cxd4 6. exd4 g6 7. c3 Bg7 8. Bf4 O-O 9. h3 Ne4 10. Qe2 Nd6 11. Nbd2 Bf5 12. Rfe1 Bxd3 13. Qxd3 Rc8 14. Ne5 e6 15. Nxc6 Rxc6 16. Re2 Nc4 17. Nxc4 Rxc4 18. Qg3 a6 19. h4 h5 20. Bd6 Re8 21. Be5 b5 22. a3 a5 23. Re3 b4 24. axb4 axb4 25. Ra7 bxc3 26. bxc3 Qb6 27. Rd7 Bxe5 28. Qxe5 Qc6 29. Ra7 Rxc3 30. Qf6 Rf8 31. Re5 Rc1+ 32. Kh2 Qd6 33. f4 Rc7 34. Rxe6 Qxe6 35. Qxe6 fxe6 36. Rxc7 Rxf4 37. Re7 Re4 38. Kg3 Kf8 39. Rc7 Rxd4 40. Kh3 Re4 41. Kg3 Rg4+ 42. Kh3 d4 43. g3 e5 44. Rd7 Ke8 45. Rd5 Re4 46. Kg2 Ke7 47. Kf3 Re3+ 48. Kf2 Ke6 49. Rd8 Kf5 50. Rf8+ Ke4 51. Rf6 d3 52. Ra6 Re2+ 53. Kf1 Ke3 54. Ra5 e4 55. Ra4 Rb2 56. Ra3 Rb1+ 57. Kg2 Ke2 58. Kh3 d2 59. Ra2 e3 60. Kg2 Kd3 61. Ra3+ Kc2 62. Ra2+ Kb3 63. Ra6 d1=Q 64. Rb6+ Kc4 65. Rc6+ Kd5 0-1

[Event "FIDE World Blitz-ch Women 2018"]
[Site "St. Petersburg"]
[Date "2018.12.30"]
[Round "14.5"]
[White "Gunina, Valentina"]
[Black "Stefanova, Antoaneta"]
[Result "1-0"]
[WhiteElo "2496"]
[BlackElo "2486"]
[Annotator "ChessBase"]
[PlyCount "49"]
[EventDate "2018.12.19"]
[EventType "swiss"]
[EventCountry "RUS"]
[SourceTitle "playchess.com"]
[Source "ChessBase"]
[SourceQuality "1"]

1. d4 d5 2. c4 c6 3. Nf3 Nf6 4. g3 dxc4 5. Bg2 b5 6. Ne5 Bb7 7. b3 cxb3 8. Qxb3 e6 9. O-O Qxd4 10. Bb2 Qb4 11. Qc2 Qc5 12. Qd2 Qb6 13. a4 a6 14. axb5 axb5 15. Rxa8 Bxa8 16. g4 Be7 17. g5 Nd5 18. e4 Nb4 19. Ng4 Rg8 20. Rd1 Qc5 21. Be5 N4a6 22. Nc3 h5 23. gxh6 gxh6 24. Nf6+ Bxf6 25. Bxf6 1-0

[Event "FIDE World Blitz-ch Women 2018"]
[Site "St. Petersburg"]
[Date "2018.12.30"]
[Round "14.6"]
[White "Abdumalik, Zhansaya"]
[Black "Paehtz, Elisabeth"]
[Result "0-1"]
[WhiteElo "2470"]
[BlackElo "2487"]
[Annotator "TA"]
[PlyCount "95"]
[EventDate "2018.12.19"]
[EventType "swiss"]
[EventCountry "RUS"]
[SourceTitle "playchess.com"]
[Source "ChessBase"]
[SourceQuality "1"]

1. e4 c5 2. Nf3 d6 3. d4 cxd4 4. Nxd4 Nf6 5. Nc3 a6 6. h3 g6 7. Be3 Bg7 8. g4 Nc6 9. Bg2 h5 10. g5 Nd7 11. Qd2 O-O 12. f4 Nxd4 13. Bxd4 e5 14. Be3 exf4 15. Bxf4 Ne5 16. Qe2 Be6 17. Nd5 Bxd5 18. exd5 Qb6 19. c3 Rfe8 20. O-O-O Ng4 21. Qf3 Nf2 22. Rhf1 Nxd1 23. Rxd1 Rac8 24. h4 Rc4 25. Bf1 Rce4 26. Bd3 R4e7 27. Qg3 Be5 28. Kc2 Bxf4 29. Qxf4 Qe3 30. Qf6 Qe5 31. Qf3 Qh2+ 32. Rd2 Qxh4 33. Qf6 Kh7 34. b4 Qg3 35. Rf2 Qe5 36. Qf3 Rc7 37. c4 Qd4 38. Qxh5+ Kg8 39. Qh2 Re3 40. Rd2 Rxc4+ 41. Bxc4 Qxc4+ 42. Kd1 Qxb4 43. Rb2 Qd4+ 44. Kc1 Re1+ 45. Kc2 Qc4+ 46. Kd2 Qc1+ 47. Kd3 Re3+ 48. Kd4 0-1

[Event "FIDE World Blitz-ch Women 2018"]
[Site "St. Petersburg"]
[Date "2018.12.30"]
[Round "14.7"]
[White "Arabidze, Meri"]
[Black "Muzychuk, Anna"]
[Result "1/2-1/2"]
[WhiteElo "2387"]
[BlackElo "2569"]
[Annotator "ChessBase"]
[PlyCount "66"]
[EventDate "2018.12.19"]
[EventType "swiss"]
[EventCountry "RUS"]
[SourceTitle "playchess.com"]
[Source "ChessBase"]
[SourceQuality "1"]

1. Nf3 f5 2. c4 Nf6 3. Nc3 g6 4. d3 Bg7 5. e4 d6 6. Be2 e5 7. exf5 Bxf5 8. d4 Nc6 9. d5 Nb8 10. O-O O-O 11. Bg5 Na6 12. Re1 h6 13. Be3 g5 14. Nd2 Nb4 15. Rc1 Nd3 16. Bxd3 Bxd3 17. f3 Qd7 18. h3 a6 19. Nce4 Nh5 20. Qb3 Bxe4 21. Nxe4 b6 22. Qc2 a5 23. b3 Nf4 24. Kh2 Rf7 25. a3 Raf8 26. b4 axb4 27. axb4 Qf5 28. Nf2 Qd7 29. Ne4 Qf5 30. Nf2 Qd7 31. Ne4 b5 32. Bxf4 exf4 33. c5 Be5 1/2-1/2

[Event "FIDE World Blitz-ch Women 2018"]
[Site "St. Petersburg"]
[Date "2018.12.30"]
[Round "14.8"]
[White "Gaponenko, Inna"]
[Black "Goryachkina, Aleksandra"]
[Result "1/2-1/2"]
[WhiteElo "2420"]
[BlackElo "2518"]
[Annotator "ChessBase"]
[PlyCount "130"]
[EventDate "2018.12.19"]
[EventType "swiss"]
[EventCountry "RUS"]
[SourceTitle "playchess.com"]
[Source "ChessBase"]
[SourceQuality "1"]

1. e4 c6 2. d4 d5 3. e5 Bf5 4. Nf3 e6 5. Be2 c5 6. c3 Nc6 7. a3 cxd4 8. cxd4 Nge7 9. O-O Nc8 10. Nc3 Be7 11. Be3 Nb6 12. b3 O-O 13. Qd2 Rc8 14. Rfc1 Qd7 15. Ne1 h6 16. Nd3 a6 17. h3 Na5 18. Qb2 Rc7 19. Bf1 Rfc8 20. Nc5 Qe8 21. Nb1 Bxc5 22. dxc5 Nd7 23. Nd2 Nxc5 24. Bxc5 Rxc5 25. Rxc5 Rxc5 26. Rc1 Rxc1 27. Qxc1 Qc6 28. Qb2 Qc2 29. Qxc2 Bxc2 30. b4 Nc6 31. f4 Kf8 32. Kf2 Nd4 33. Ke3 Nf5+ 34. Kf2 Ke7 35. g4 Nd4 36. Ke3 Nc6 37. Nf3 Kd7 38. Nd4 Nxd4 39. Kxd4 Kc6 40. Be2 Ba4 41. h4 Bb5 42. Bd1 Kb6 43. g5 hxg5 44. fxg5 g6 45. h5 gxh5 46. Bxh5 Be8 47. Be2 a5 48. Bd3 axb4 49. axb4 Kc7 50. Kc5 b6+ 51. Kd4 Kd8 52. Be2 Ke7 53. Ke3 Ba4 54. Bd3 Kf8 55. Kf4 Kg7 56. Bb1 Bb3 57. Bd3 Bc4 58. Bc2 d4 59. Be4 b5 60. Kf3 Kf8 61. Kf4 Ke7 62. Bf3 Kf8 63. Be4 Ke7 64. Bf3 Kf8 65. Be4 Ke7 1/2-1/2

[Event "FIDE World Blitz-ch Women 2018"]
[Site "St. Petersburg"]
[Date "2018.12.30"]
[Round "14.9"]
[White "Galliamova, Alisa"]
[Black "Khotenashvili, Bela"]
[Result "0-1"]
[WhiteElo "2444"]
[BlackElo "2479"]
[Annotator "TA"]
[PlyCount "80"]
[EventDate "2018.12.19"]
[EventType "swiss"]
[EventCountry "RUS"]
[SourceTitle "playchess.com"]
[Source "ChessBase"]
[SourceQuality "1"]

1. d4 g6 2. g3 Bg7 3. Bg2 c5 4. d5 d6 5. e4 Nf6 6. Ne2 O-O 7. O-O b5 8. a4 b4 9. a5 Ba6 10. Re1 Nbd7 11. Nd2 Ng4 12. h3 Nge5 13. f4 Nc4 14. Nxc4 Bxc4 15. Kh2 Rb8 16. Ng1 Qc7 17. Nf3 e6 18. dxe6 fxe6 19. Ra4 Rbd8 20. b3 Bb5 21. Ra2 Nb8 22. Ng5 Rde8 23. Qg4 Bd7 24. Qe2 Nc6 25. a6 Nd4 26. Qd1 Nb5 27. Bb2 Nc3 28. Bxc3 Bxc3 29. Re3 Bg7 30. Bf1 h6 31. Nf3 Bc6 32. Nh4 g5 33. Ng2 Bd4 34. Re1 Qg7 35. Bd3 Kh8 36. Qe2 gxf4 37. Nxf4 Rg8 38. Nh5 Qg5 39. Rf1 Ref8 40. Qg2 Qxh5 0-1

[Event "FIDE World Blitz-ch Women 2018"]
[Site "St. Petersburg"]
[Date "2018.12.30"]
[Round "14.10"]
[White "Cramling, Pia"]
[Black "Buksa, Nataliya"]
[Result "1-0"]
[WhiteElo "2465"]
[BlackElo "2410"]
[Annotator "TA"]
[PlyCount "73"]
[EventDate "2018.12.19"]
[EventType "swiss"]
[EventCountry "RUS"]
[SourceTitle "playchess.com"]
[Source "ChessBase"]
[SourceQuality "1"]

1. Nf3 d5 2. d4 Nf6 3. c4 e6 4. g3 Bb4+ 5. Bd2 Be7 6. Bg2 O-O 7. O-O c6 8. Bf4 Nbd7 9. Qc2 a5 10. b3 b6 11. Nc3 Bb7 12. Ne5 Rc8 13. Rac1 c5 14. dxc5 Bxc5 15. e3 Ba8 16. Rfd1 Qe7 17. Nxd7 Qxd7 18. Qd3 Qe7 19. cxd5 exd5 20. Bg5 Ba3 21. Nxd5 Bxd5 22. Rxc8 Rxc8 23. Bxd5 h6 24. Bxf6 Qxf6 25. Bc4 h5 26. h4 Bc5 27. Qd7 Rf8 28. Kg2 Qb2 29. Rd2 Qe5 30. Qc6 Kh7 31. Qf3 g6 32. Rd7 Be7 33. Qb7 Re8 34. Bxf7 Rf8 35. Rxe7 Qf6 36. Bd5+ Kh8 37. Rh7# 1-0

[Event "FIDE World Blitz-ch Women 2018"]
[Site "St. Petersburg"]
[Date "2018.12.30"]
[Round "14.11"]
[White "Dzagnidze, Nana"]
[Black "Koneru, Humpy"]
[Result "0-1"]
[WhiteElo "2513"]
[BlackElo "2541"]
[Annotator "TA"]
[PlyCount "74"]
[EventDate "2018.12.19"]
[EventType "swiss"]
[EventCountry "RUS"]
[SourceTitle "playchess.com"]
[Source "ChessBase"]
[SourceQuality "1"]

1. c4 e6 2. Nf3 Nf6 3. b3 b6 4. Bb2 Bb7 5. g3 d5 6. Bg2 Bd6 7. O-O Nbd7 8. d3 O-O 9. Nbd2 Qe7 10. Qc2 Rfd8 11. e4 dxe4 12. dxe4 e5 13. Rad1 Nc5 14. Rfe1 a5 15. Bh3 Nfd7 16. Nh4 g6 17. Ng2 Ne6 18. Ne3 c6 19. Nf3 f6 20. Nh4 Ndf8 21. f4 exf4 22. Nef5 Bc5+ 23. Kf1 Qc7 24. Nh6+ Kg7 25. Ng4 Bd4 26. e5 f5 27. Nf6 Bxb2 28. Qxb2 c5 29. Bxf5 gxf5 30. Nxf5+ Kh8 31. gxf4 Qc6 32. Nd5 Ng6 33. Rd2 Rf8 34. Nd6 Ngxf4 35. Kg1 Rg8+ 36. Kf1 Raf8 37. Qc3 Nxd5+ 0-1

[Event "FIDE World Blitz-ch Women 2018"]
[Site "St. Petersburg"]
[Date "2018.12.30"]
[Round "14.12"]
[White "Mammadzada, Gunay"]
[Black "Harika, Dronavalli"]
[Result "1/2-1/2"]
[WhiteElo "2422"]
[BlackElo "2494"]
[Annotator "ChessBase"]
[PlyCount "164"]
[EventDate "2018.12.19"]
[EventType "swiss"]
[EventCountry "RUS"]
[SourceTitle "playchess.com"]
[Source "ChessBase"]
[SourceQuality "1"]

1. e4 e6 2. d4 d5 3. Nd2 c5 4. Ngf3 cxd4 5. exd5 Qxd5 6. Bc4 Qd8 7. O-O Nc6 8. Nb3 a6 9. Qe2 Qc7 10. Rd1 Bd6 11. Nbxd4 Nxd4 12. Rxd4 Ne7 13. Bd3 Bd7 14. Bd2 Bc6 15. Rg4 Ng6 16. Rc4 Bxf3 17. gxf3 Qe7 18. Qe4 Rd8 19. Re1 O-O 20. a4 Rd7 21. f4 Qh4 22. Qg2 Nxf4 23. Bxf4 Bxf4 24. Bxh7+ Kxh7 25. Qe4+ g6 26. Qxf4 Qxf4 27. Rxf4 Rc8 28. Re2 Kg7 29. Rb4 Rc5 30. f3 b5 31. axb5 axb5 32. c3 Rd3 33. Kf2 Rf5 34. Re3 Rd2+ 35. Kg3 Rg5+ 36. Kf4 Rf5+ 37. Kg3 Rg5+ 38. Kf4 Rh5 39. Ke4 Rdxh2 40. Rd3 R2h4+ 41. Ke3 Re5+ 42. Kd2 Rh2+ 43. Kd1 Rg5 44. Rd2 Rh3 45. Rf2 Rf5 46. Ke2 g5 47. c4 bxc4 48. Rxc4 Rh1 49. Kd3 Rd1+ 50. Kc2 Re1 51. Rc3 Rfe5 52. b4 R1e2+ 53. Rxe2 Rxe2+ 54. Kb3 Re1 55. b5 Rb1+ 56. Kc4 f5 57. Kc5 Kf6 58. b6 g4 59. fxg4 fxg4 60. Rc4 Kf5 61. Rb4 Rxb4 62. Kxb4 g3 63. b7 g2 64. b8=Q g1=Q 65. Qf8+ Ke5 66. Qh8+ Kd6 67. Qb8+ Ke7 68. Qc7+ Kf6 69. Qd8+ Kf7 70. Qd7+ Kf6 71. Qd8+ Kf7 72. Qd7+ Kf6 73. Qd8+ Kf5 74. Qd3+ Ke5 75. Qe2+ Kf6 76. Qf3+ Ke7 77. Qb7+ Kd6 78. Qb8+ Ke7 79. Qc7+ Kf8 80. Qd8+ Kf7 81. Qd7+ Kf6 82. Qd8+ Ke5 1/2-1/2

[Event "FIDE World Blitz-ch Women 2018"]
[Site "St. Petersburg"]
[Date "2018.12.30"]
[Round "14.13"]
[White "Girya, Olga"]
[Black "Munkhzul, Turmunkh"]
[Result "0-1"]
[WhiteElo "2454"]
[BlackElo "2255"]
[Annotator "ChessBase"]
[PlyCount "48"]
[EventDate "2018.12.19"]
[EventType "swiss"]
[EventCountry "RUS"]
[SourceTitle "playchess.com"]
[Source "ChessBase"]
[SourceQuality "1"]

1. d4 Nf6 2. Nf3 g6 3. Bg5 Bg7 4. Nbd2 d5 5. e3 O-O 6. Be2 c5 7. c3 Nc6 8. O-O Bf5 9. dxc5 Rc8 10. Nd4 Ne5 11. Nxf5 gxf5 12. Bxf6 Bxf6 13. Nb3 Kh8 14. Qc2 e6 15. Rad1 Qc7 16. h3 Rg8 17. Kh1 Rg6 18. Nd4 Rcg8 19. Rg1 Ng4 20. Bxg4 fxg4 21. b4 Rh6 22. Qe2 Qe5 23. f4 Qe4 24. Kh2 g3+ 0-1

[Event "FIDE World Blitz-ch Women 2018"]
[Site "St. Petersburg"]
[Date "2018.12.30"]
[Round "14.14"]
[White "Bivol, Alina"]
[Black "Tan, Zhongyi"]
[Result "0-1"]
[WhiteElo "2393"]
[BlackElo "2508"]
[Annotator "TA"]
[PlyCount "78"]
[EventDate "2018.12.19"]
[EventType "swiss"]
[EventCountry "RUS"]
[SourceTitle "playchess.com"]
[Source "ChessBase"]
[SourceQuality "1"]

1. Nf3 d5 2. g3 Bg4 3. Bg2 Nd7 4. O-O e5 5. d3 Ngf6 6. h3 Bh5 7. Qe1 Bd6 8. e4 c6 9. exd5 cxd5 10. Nxe5 Nxe5 11. d4 Qe7 12. dxe5 Bxe5 13. c3 O-O 14. Na3 Rfe8 15. f4 Bd4+ 16. cxd4 Qxe1 17. Rxe1 Rxe1+ 18. Kh2 Rc8 19. g4 Bxg4 20. hxg4 Nxg4+ 21. Kg3 Nf6 22. Nb5 Rcxc1 23. Rxc1 Rxc1 24. Nxa7 Rc2 25. Nb5 Rxb2 26. a4 Rb4 27. Nd6 Rxa4 28. Nxb7 Rxd4 29. f5 Rd3+ 30. Kf4 Rd2 31. Bf3 h5 32. Nc5 h4 33. Nb3 Rd3 34. Nc1 Ra3 35. Ne2 Ra4+ 36. Kg5 h3 37. Nf4 h2 38. Nxd5 Nxd5 39. Bxd5 Ra1 0-1

[Event "FIDE World Blitz-ch Women 2018"]
[Site "St. Petersburg"]
[Date "2018.12.30"]
[Round "14.15"]
[White "Batsiashvili, Nino"]
[Black "Zhao, Xue"]
[Result "0-1"]
[WhiteElo "2459"]
[BlackElo "2485"]
[Annotator "TA"]
[PlyCount "79"]
[EventDate "2018.12.19"]
[EventType "swiss"]
[EventCountry "RUS"]
[SourceTitle "playchess.com"]
[Source "ChessBase"]
[SourceQuality "1"]

1. Nf3 Nf6 2. c4 b6 3. Nc3 c5 4. g3 Bb7 5. Bg2 g6 6. O-O Bg7 7. Re1 d6 8. e4 Nc6 9. d4 cxd4 10. Nxd4 Nxd4 11. Qxd4 O-O 12. Qd2 Nd7 13. b3 Nc5 14. Bb2 Rc8 15. Rad1 a6 16. Nd5 Bxb2 17. Qxb2 e5 18. f4 Re8 19. f5 b5 20. cxb5 axb5 21. Qf2 Nd7 22. fxg6 hxg6 23. Rf1 Rf8 24. Bh3 Bxd5 25. Rxd5 Rc6 26. Rxb5 Nc5 27. Re1 Nd3 28. Qe3 Nxe1 29. Qxe1 Qc7 30. Bf1 Rc1 31. Qf2 Rc2 32. Qe3 Rxa2 33. Bc4 Rfa8 34. Qb6 Qe7 35. Qe3 Ra1+ 36. Kg2 R8a2+ 37. Kh3 Qd7+ 38. g4 Rh1 39. Qg3 Raxh2+ 40. Qxh2 0-1

[Event "FIDE World Blitz-ch Women 2018"]
[Site "St. Petersburg"]
[Date "2018.12.30"]
[Round "14.17"]
[White "Skripchenko, Almira"]
[Black "Charochkina, Daria"]
[Result "0-1"]
[WhiteElo "2408"]
[BlackElo "2344"]
[Annotator "NA"]
[PlyCount "94"]
[EventDate "2018.12.19"]
[EventType "swiss"]
[EventCountry "RUS"]
[SourceTitle "playchess.com"]
[Source "ChessBase"]
[SourceQuality "1"]

1. Nf3 d5 2. g3 Bg4 3. Bg2 Nd7 4. c4 e6 5. d3 Bd6 6. O-O Ne7 7. cxd5 exd5 8. Nc3 c6 9. e4 O-O 10. Qc2 Rc8 11. Re1 Bxf3 12. Bxf3 d4 13. Nb1 c5 14. Nd2 b5 15. Bg2 Nc6 16. a3 c4 17. dxc4 bxc4 18. Nxc4 Nce5 19. b3 Nb6 20. Bf4 Nbxc4 21. bxc4 Nxc4 22. Qd3 Bxf4 23. gxf4 Qf6 24. Rac1 Nb2 25. Qd2 Na4 26. e5 Qb6 27. Rb1 Qc5 28. Rb4 Nb6 29. Qxd4 Qc2 30. a4 Rfd8 31. Qe4 Qd2 32. a5 Nc4 33. a6 Qxb4 34. Bf1 Qa5 35. e6 fxe6 36. Qxe6+ Kh8 37. Bxc4 Rf8 38. Re4 Qd2 39. Bb5 Rb8 40. Bc6 Qc1+ 41. Kg2 Qc5 42. Bb7 Rbd8 43. Re5 Qb4 44. f5 Qg4+ 45. Kf1 Rd1+ 46. Re1 Qh3+ 47. Ke2 Qd3# 0-1